Control system of loading device for the monitoring of durability of hydrostatic pumps

Bibliographic Details
Main Authors: Pavol, Cvíčela (Author), Majdan, Radoslav, 1981- (Author), Drabant, Štefan, 1944- (Author), Tkáč, Zdenko, 1974- (Author)
Format: Article
Language:Slovak
English

MARC

LEADER 00000nab a2200000ua 4500
001 vtls010754959
003 SK-MaSNL
005 20260304203048.0
008 250718s2008 xo |||||||||||||||||slo|
035 |a (urnnbn)urn:nbn:sk:snk:ar-a04jyx 
035 |a (uuid)7b1305c5-d25f-4f4e-b3bd-cc713607b7d7 
035 |a urn:nbn:sk:snk-ab4tt3 
040 |a SNKBUCL  |b slo  |c SNKBUCL  |e AACR2 
041 0 |a eng 
044 |a xo  |c SK 
100 1 |a Pavol, Cvíčela  |4 aut  |9 1535486 
245 1 0 |a Control system of loading device for the monitoring of durability of hydrostatic pumps  |c Pavol Cvíčela, Radoslav Majdan, Štefan Drabant, Zdenko Tkáč 
700 1 |a Majdan, Radoslav,  |d 1981-  |4 aut  |9 163636 
700 1 |a Drabant, Štefan,  |d 1944-  |4 aut  |9 114371 
700 1 |a Tkáč, Zdenko,  |d 1974-  |4 aut  |9 192955 
773 0 |t Hydraulika a pneumatika : časopis pre hydrauliku, pneumatiku a automatizačnú techniku  |g Roč. 10(9), č. 1-2 (2008), s. 22-27 
850 |a Slovenská národná knižnica 
852 |a Slovenská národná knižnica 
958 |a article3 
958 |a OND 
958 |a EUIPO 
999 |c 3107313  |d 3109243